Widok standardowy
Widok MARC
Pozycja Personal Name
Liczba rekordów, w których użyto hasła: 1
001 - Numer kontrolny
- control field: 40470
003 - Identyfikator numeru kontrolnego
- control field: NUKAT
005 - Data i czas ostatniej modyfikacji
- control field: 20260424123721.0
008 - Dane kontrolne kodowane (40 znaków)
- fixed length control field: 180507n||a|znnaabn |a aaa |c
010 ## - Numer kontrolny Biblioteki Kongresu
- numer kontrolny LC: n 2018126432
040 ## - Instytucja sporządzająca rekord
- inst. przygot. dane do rek. khw: KIEL 010/JR
- język haseł przedmiotowych/tezaurus: kaba
- inst. wprow. rek. khw: KIEL 010/JR
- inst. modyf. rek. khw: KAT U/DL
046 ## - Special dates
- Birth date: 1912
- Death date: 1951
100 1# - Hasło - nazwa osobowa
- nazwa osobowa w formie ujednoliconej: Fróg, Gracjan
- daty biograficzne: (1912-1951).
400 0# - Trop zob. - nazwa osobowa
- nazwa osobowa (nazwisko, imiona): Szczerbiec.
400 0# - Trop zob. - nazwa osobowa
- nazwa osobowa (nazwisko, imiona): Góral.
670 ## - Źródło informacji
- źródło informacji: Jeden z najwybitniejszych dowódców AK : kapitan Gracjan Fróg (1912-1951) / Bogusław Szwedo // Zeszyty Sandomierskie. - R. 4 nr 6 (1997), strony 54-57.
670 ## - Źródło informacji
- źródło informacji: pl.wikipedia, 07.05.2018
- adres internetowy: https://pl.wikipedia.org/wiki/Gracjan_Fr%C3%B3g